<?xml version="1.0" encoding="UTF-8"?>
<record
    xmlns:xsi="http://www.w3.org/2001/XMLSchema-instance"
    xsi:schemaLocation="http://www.loc.gov/MARC21/slim http://www.loc.gov/standards/marcxml/schema/MARC21slim.xsd"
    xmlns="http://www.loc.gov/MARC21/slim">

  <leader>02057    a2200241   4500</leader>
  <controlfield tag="001">40994</controlfield>
  <controlfield tag="005">20260407155704.0</controlfield>
  <controlfield tag="008">260407a2016    arg                 spa d</controlfield>
  <controlfield tag="003">AR-UNSa-BCEJYS</controlfield>
  <datafield tag="040" ind1=" " ind2=" ">
    <subfield code="a">AR-UNSa-BCEJYS</subfield>
    <subfield code="b">spa</subfield>
    <subfield code="c">AR-UNSa-BCEJYS</subfield>
  </datafield>
  <datafield tag="080" ind1=" " ind2=" ">
    <subfield code="a">347.965</subfield>
    <subfield code="x">Abogados. La abogac&#xED;a (pr&#xE1;cticas profesionales)</subfield>
  </datafield>
  <datafield tag="245" ind1="1" ind2="0">
    <subfield code="a">Pr&#xE1;cticas profesionales sobre casos reales 2015</subfield>
    <subfield code="p">Anuario del patrocinio jur&#xED;dico gratuito de la Facultad de Derecho UBA</subfield>
  </datafield>
  <datafield tag="020" ind1=" " ind2=" ">
    <subfield code="a">978-987-3810-25-1</subfield>
  </datafield>
  <datafield tag="264" ind1=" " ind2="1">
    <subfield code="a">Buenos Aires :</subfield>
    <subfield code="b">Universidad de Buenos Aires. Facultad de Derecho. Departamento de Publicaciones</subfield>
    <subfield code="c">2016</subfield>
  </datafield>
  <datafield tag="300" ind1=" " ind2=" ">
    <subfield code="a">289 p.</subfield>
    <subfield code="c">23 cm.</subfield>
  </datafield>
  <datafield tag="505" ind1=" " ind2=" ">
    <subfield code="a">1. Presentaci&#xF3;n / Oscar Zoppi - 2. Nuestro trabajo, la ense&#xF1;anza, el aprendizaje y el servicio hacia la sociedad / Virginia Badino - 3. Casos de medidas excepcionales de protecci&#xF3;n de derechos de ni&#xF1;as, ni&#xF1;os, adolescentes / Andrea Mercedes P&#xE9;rez - 4. Casos de derechos econ&#xF3;micos, sociales y culturales / Josefina Rita Sica - 5. Casos de derechos colectivos / Alejandro Rondanini - 6. Casos de derecho civil / C&#xE9;sar Zerbini - 7. Casos de ejecuciones / Virginia Badino - 8. Casos de derecho de familia: guarda y adopci&#xF3;n / Cecildo &#xC1;ngel Ayala - 9. Casos de derecho de familia: responsabilidad parental / Emilio Corsiglia - 10. Casos de derecho de familia: divorcio - / Javier Cornejo - 11. Casos de derecho de familia: violencia familiar / Oscar Zorzoli - 12. Casos de derecho penal / Roberto Von der Wettern - 13. Casos de derecho del trabajo y la seguridad social / Gustavo L&#xF3;pez Ariza - 14. Casos de mediaci&#xF3;n / Mar&#xED;a Cristina Klein - 15. Casos del servicio social y de psicolog&#xED;a / Mariana Riudavets ; Paola Legnazzi ; Santiago Flaherty
</subfield>
  </datafield>
  <datafield tag="041" ind1=" " ind2=" ">
    <subfield code="a">spa</subfield>
  </datafield>
  <datafield tag="942" ind1=" " ind2=" ">
    <subfield code="c">BK</subfield>
  </datafield>
  <datafield tag="590" ind1=" " ind2=" ">
    <subfield code="a">niveau_biblio:m niveau_hierar:0</subfield>
  </datafield>
  <datafield tag="100" ind1="1" ind2=" ">
    <subfield code="a">Universidad de Buenos Aires. Facultad de Derecho. Secretar&#xED;a de Extensi&#xF3;n Universitaria y Bienestar Estudiantil</subfield>
  </datafield>
  <datafield tag="700" ind1="1" ind2=" ">
    <subfield code="a">Zoppi, Oscar M.</subfield>
  </datafield>
  <datafield tag="856" ind1="4" ind2="1">
    <subfield code="u">https://biblioeco.unsa.edu.ar/pmb/images/libros/L126336.jpg</subfield>
    <subfield code="y">Imagen de portada</subfield>
    <subfield code="q">image/jpeg</subfield>
  </datafield>
  <datafield tag="999" ind1=" " ind2=" ">
    <subfield code="c">3336</subfield>
    <subfield code="d">3336</subfield>
  </datafield>
  <datafield tag="952" ind1=" " ind2=" ">
    <subfield code="0">0</subfield>
    <subfield code="1">0</subfield>
    <subfield code="4">0</subfield>
    <subfield code="7">0</subfield>
    <subfield code="a">BCEJYS</subfield>
    <subfield code="b">BCEJYS</subfield>
    <subfield code="c">16</subfield>
    <subfield code="d">2026-04-07</subfield>
    <subfield code="l">0</subfield>
    <subfield code="o">347.965 U58 2015</subfield>
    <subfield code="p">L126336</subfield>
    <subfield code="r">2026-04-07 15:57:04</subfield>
    <subfield code="w">2026-04-07</subfield>
    <subfield code="y">L</subfield>
  </datafield>
</record>
